| 000 | 00682nab a2200193 4500 | ||
|---|---|---|---|
| 001 | 244442 | ||
| 003 | OSt | ||
| 005 | 20260429120054.0 | ||
| 007 | tu | ||
| 008 | 260429s2020||||||| | ||
| 040 |
_aDE-2950 _cDE-2950 |
||
| 245 | 0 | 0 |
_aEntfristung für Frankfurts Musikschullehrer kommt _bVerwaltung. Nachdem es zwischen Stadt und Kultureigenbetrieb zunächst Abstimmungsprobleme zu dem Beschluss gab, soll er nun zeitnah umgesetzt werden/ _cNicole Buhlau |
| 264 | _c2026 | ||
| 653 | _aFrankfurt (Oder) | ||
| 653 | _aMusikschule | ||
| 653 | _aEntfristung Lehrerstellen | ||
| 773 | 0 |
_g37. Jahrgang (2026) Nr. 95 vom 24.04.2026 , S. 15 mit Foto _tMärkische Oderzeitung |
|
| 942 |
_2z _cA |
||
| 999 |
_c374385 _d374385 |
||